000
00328nam a22001457a 4500
999
_c
7845
_d
7845
003
OSt
005
20200526141118.0
008
200526b ||||| |||| 00| 0 eng d
020
_a
9788415492498
082
_a
725.71BRO
100
_a
Broto, Carles
245
_a
Bars & restaurants
260
_a
Spain
_b
Links Books
942
_2
ddc